00820nam a2200229 a 450000100100000000500170001000800410002702000150006804000250008308200190010824500150012726000410014230000270018349000220021050400300023265100390026265100660030165100820036765100710044965000470052083000230056700002535220211111120944.0110215s2003 dr a 000 0 spa d a9993489840 aDO-SdBNPbspacBNPHU a972.9383bR75800aLa Romana. aSanto Domingo :bBanreservas,c2003. a80 p. :bil. ;c27 cm.1 aFragmentos Patria aBibliografía : p. 78-80 0aLa Romana (República Dominicana) 4aLa Romana (República Dominicana{Rpara}xAspectos Culturales 4aSan Pedro De Macorís (República Dominicana{Rpara}xDescripciones Y Viajes 4aLa Romana (República Dominicana{Rpara}xVida Social Y Costumbres 4aCiudades y puebloszRepública Dominicana 0aFragmentos Patrias